00788nam a2200205 4500001000700000003000900007005001700016007000300033008004100036100002900077245015900106250001300265260003400278300002700312700003300339700003700372852003200409999001900441952012200460140360ES-MaACL20230906200049.0t|070214s1963 mx r ||||1| spa d1 aSchwartz, Harry.910486813aEl Fénix rojo b: Rusia desde la Segunda Guerra Mundial / cHarry Schwartz ; traducción de José Antonio Rico ; revisado por Jesús Guisa y Acevedo. a1ª. ed. aMéxico : bHerrero, c1963. aXVI, 451 p. ; c22 cm.1 aRico, José Antonio.9970151 aGuisa y Acevedo, Jesús.960896 aES-MaACLjC-24848 bR.53535 c140360d140360 00104070aATENEOMbATENEOMcDEPO2d2008-01-17eSCl0oC-24848p1146063r2023-02-23 00:00:00w2023-02-23yMONOGRAFIA